000 00558nam a2200205Ia 4500
005 20250923145808.0
008 008 250917s9999 xx 000 0 eng d
037 _aTextual
040 _aDSWL
_beng
_cDSWL
041 _aeng
_2eng
084 _aY:4353ogX, N87
_qDSWL
100 _aRavallion, M.
_9839001
245 0 _aMarkets and famines
_cby M.Ravallion
260 _aOxford
_bClarendon
_c1987
300 _aviii,203p.
365 _aINR
_b150.00
925 _g150.00
942 _cTEXL
_hY:4353ogX, N87
999 _c1455792
_d1455792